| 000 | 00674nam a22001697a 4500 | ||
|---|---|---|---|
| 005 | 20230927113727.0 | ||
| 020 |
_a97881212910361 _c825.00 |
||
| 082 |
_a301 _2Third |
||
| 100 |
_aRao, C N Shankar _957529 |
||
| 245 |
_aSociology: _bPrinciples of Sociology with an Introduction to Sociological Thought/ _cby C N Shankar Rao |
||
| 250 | _aThird | ||
| 260 |
_aNew Delhi _bS Chand and Company Limited _c2021 |
||
| 270 |
_aBlock B-1, House No D-1, Ground Floor, Mohan Co-operative Industrial Estate _bNew Delhi _e110044 _minfo@schandpublishing.com |
||
| 300 |
_a786p. _c26cm(pbk) |
||
| 942 |
_2ddc _cEN _h301 _mRAO |
||
| 999 |
_c198580 _d198580 |
||